|
|
|
|
| LEADER |
01446nam a2200253 u 4500 |
| 001 |
10057377 |
| 003 |
GR-PaULI |
| 005 |
20240510124657.0 |
| 008 |
060602s2024 gr oa 1 0 gre d |
| 020 |
|
|
|a 9789963391233
|
| 040 |
|
|
|a GR-PaULI
|c GR-PaULI
|b gre
|e AACR2
|
| 041 |
0 |
|
|a gre
|a eng
|
| 082 |
0 |
4 |
|a 744.720 956 93
|2 23
|
| 245 |
0 |
0 |
|a Προσφυγόσημο :
|b ένα γραμματόσημο για τους πρόσφυγες της Κύπρου : η ιστορία ενός συμβόλου = a stamp for the refugees of Cyprus : the story of a symbol /
|c Μαρία Παφίτη.
|
| 250 |
|
|
|a 2η έκδ.
|
| 260 |
|
|
|a Λευκωσία :
|b Βουλή των Αντιπροσώπων,
|c 2024.
|
| 300 |
|
|
|a 100 σ. :
|b εικ. ;
|c 29 εκ.
|
| 500 |
|
|
|a Η παρούσα έκδοση συνόδευσε την έκθεση "Προσφυγόσημο" που πραγματοποιήθηκε στο Σπίτι του Πολίτη, Λευκωσία, Κύπρος, 27 Μαρτίου-28 Απριλίου 2023.
|
| 650 |
|
4 |
|9 203441
|a Πρόσφυγες στα γραμματόσημα
|
| 650 |
|
4 |
|9 203442
|a Γραμματόσημα
|z Κύπρος.
|
| 700 |
1 |
|
|9 203440
|a Παφίτη, Μαρία
|e επιμελήτρια.
|
| 942 |
|
|
|2 ddc
|c BK
|
| 952 |
|
|
|0 0
|1 0
|2 ddc
|4 0
|6 744_720000000000000_956_93_ΠΡΟ
|7 0
|9 379979
|a LISP
|b LISP
|c BSC
|d 2024-05-10
|i 365447
|l 0
|o 744.720 956 93 ΠΡΟ
|p 025000310206
|r 2024-05-10 00:00:00
|t 1
|w 2024-05-10
|y BK15
|
| 999 |
|
|
|c 220909
|d 220909
|